Top 5 European Leagues Top Clean Sheets: 2018/19 - Statistics

General Stats
  • This quiz has been taken 4 times
  • The average score is 16 of 30
Answer Stats
League Clean Sheets Club Nationality Player % Correct
Premier League 21 Liverpool Brazil Alisson
100%
Premier League 20 Ederson Brazil Ederson
100%
Serie A 13 Milan Italy Gianluigi Donnarumma
100%
Premier League 12 Tottenham France Hugo Lloris
100%
La Liga 20 Atletico Madrid Slovenia Jan Oblak
100%
Premier League 14 Everton England Jordan Pickford
100%
Bundesliga 11 Bayern Munich Germany Manuel Neuer
100%
La Liga 16 Barcelona Germany Marc-Andre ter Stegen
100%
Premier League 14 Chelsea Spain Kepa Arrizabalaga
75%
Bundesliga 9 Bayer Leverkusen Finland Lukas Hradecky
75%
Serie A 11 Juventus Poland Wojciech Szczesny
75%
Bundesliga 13 Borussia Monchengladbach Switzerland Yann Sommer
75%
Bundesliga 9 Wolfsburg Belgium Koen Casteels
50%
Ligue 1 15 Lille France Mike Maignan
50%
Bundesliga 16 Leipzig Hungary Peter Gulacsi
50%
Serie A 17 Inter Slovenia Samir Handanovic
50%
Ligue 1 13 Saint-Etienne France Stephane Ruffier
50%
Serie A 12 Sassuolo Italy Andrea Consigli
25%
La Liga 13 Getafe Spain David Soria
25%
La Liga 10 Espanyol Spain Diego Lopez
25%
Ligue 1 14 Reims Senegal Edouard Mendy
25%
Serie A 11 Sampdoria Indonesia Emil Audero
25%
La Liga 10 Valencia Brazil Neto
25%
La Liga 10 Real Betis Spain Pau Lopez
25%
Bundesliga 10 Borussia Dortmund Switzerland Roman Burki
25%
Ligue 1 16 Nice Argentina Walter Benitez
25%
La Liga 10 Athletic Bilbao Spain Iago Herrein
0%
La Liga 10 Leganes Spain Ivan Cuellar
0%
Ligue 1 12 Angers France Ludovic Butelle
0%
Serie A 15 Torino Italy Salvatore Sirgiu
0%
No matching quizzes found
Score Distribution
Percent of People with Each Score
Percentile by Number Answered
Your Score History
You have not taken this quiz